Score 0/75 Timer 10:00
1 Play Today
Title Movie % Correct
Batman (Warner Bros.)The Dark Knight
89.6%
Harry PotterThe Sorcerer's Stone
87.4%
Batman (Warner Bros.)Batman
87.1%
Harry PotterThe Prisoner of Azkaban
84.4%
Batman (Warner Bros.)Batman Begins
84%
Star WarsEpisode VI: Return of the Jedi
83.7%
Harry PotterThe Goblet of Fire
82.8%
Harry PotterThe Chamber of Secrets
82.5%
Jason BourneThe Bourne Identity
81.2%
Star WarsEpisode IV: A New Hope
81%
The Matrix trilogyThe Matrix
80.5%
The Lord of the RingsThe Two Towers
80.4%
Star WarsEpisode V: The Empire Strikes Back
79.8%
Harry PotterThe Half-Blood Prince
79.3%
Batman (Warner Bros.)The Dark Knight Rises
79%
Monty PythonAnd the Holy Grail
78.4%
Harry PotterThe Order of the Phoenix
77.7%
The Lord of the RingsThe Return of the King
76.6%
The Lord of the RingsThe Fellowship of the Ring
76.6%
Ice AgeIce Age
76.1%
Ace VenturaPet Detective
75.6%
Jason BourneThe Bourne Ultimatum
75.3%
Harry PotterThe Deathly Hallows Part 2
73.8%
Jason BourneThe Bourne Supremacy
73.4%
Pirates of the CaribbeanThe Curse of the Black Pearl
73.3%
Die HardDie Hard
72.9%
The TerminatorThe Terminator
71.3%
The Matrix trilogyReloaded
71.3%
Indiana JonesTemple of Doom
71.1%
Indiana JonesRaiders of the Lost Ark
70.6%
Batman (Warner Bros.)Batman & Robin
69.8%
Star WarsEpisode VIII: The Last Jedi
69.7%
Batman (Warner Bros.)Batman Returns
69.3%
Austin PowersThe Spy Who Shagged Me
68.5%
Pirates of the CaribbeanDead Man's Chest
68.5%
Indiana JonesKingdom of the Crystal Skull
68.4%
Star WarsEpisode I: The Phantom Menace
67.7%
Austin PowersGoldmember
67.1%
Title Movie % Correct
Star WarsEpisode III: Revenge of the Sith
67%
Star WarsEpisode VII: The Force Awakens
66.4%
Star WarsEpisode VIII: The Rise of Skywalker
65.4%
Harry PotterThe Deathly Hallows Part 1
65.3%
Pirates of the CaribbeanAt World's End
64.1%
Die HardDie Harder
62.7%
Star WarsEpisode II: Attack of the Clones
62.3%
Indiana JonesThe Last Crusade
60.9%
Batman (Warner Bros.)Batman Forever
60.8%
Monty PythonLife of Brian
58.2%
Austin PowersInternational Man of Mystery
56.3%
The Matrix trilogyRevolutions
55.2%
Dirty Harry MoviesDirty Harry
53.4%
Jason BourneThe Bourne Legacy
51.8%
Jason BourneJason Bourne
49.7%
The TerminatorJudgment Day
49.5%
Ice AgeThe Meltdown
49.2%
Ace VenturaWhen Nature Calls
48.2%
Die HardDie Hard with a Vengeance
47%
Die HardLive Free or Die Hard
46.5%
Pirates of the CaribbeanOn Stranger Tides
44.6%
The TerminatorSalvation
39.3%
The TerminatorRise of the Machines
39.2%
Pirates of the CaribbeanDead Men Tell No Tales
35.1%
Die HardA Good Day to Die Hard
34.9%
Ice AgeDawn of the Dinosaurs
34.3%
Monty PythonThe Meaning of Life
32.5%
Ice AgeContinental Drift
29.5%
The TerminatorGenisys
27%
The TerminatorDark Fate
25.5%
Dirty Harry MoviesMagnum Force
20.4%
Dirty Harry MoviesSudden Impact
20.1%
Batman (Warner Bros.)The Lego Batman Movie
18.7%
Monty PythonAnd Now for Something Completely Different
16.7%
Dirty Harry MoviesThe Enforcer
16.1%
Ice AgeCollision Course
15.3%
Dirty Harry MoviesThe Dead Pool
13.5%
Remove Ads.
Support Sporcle.
Get the best of Sporcle when you Go Orange. This ad-free experience offers more features, more stats, and more fun while also helping to support Sporcle. Thank you for becoming a member.

You're not logged in!

Compare scores with friends on all Sporcle quizzes.
OR
Log In

Sporcle TV

Today on Sporcle TV


Watch our educational content, quiz creation guides, and fun videos on Sporcle TV.

Show Comments

Extras

Top Quizzes Today


Score Distribution

Paid Content

Your Account Isn't Verified!

In order to create a playlist on Sporcle, you need to verify the email address you used during registration. Go to your Sporcle Settings to finish the process.

Report this User

Report this user for behavior that violates our Community Guidelines.

Details: